000 00348nam a2200133Ia 4500
008 240624s9999 xx 000 0 und d
041 _aeng
082 _a658.4092 ADA
100 _aADAIR JOHN
245 _aSTRATEGIC LEADERSHIP HOW TO THINK AND PL
260 _c2010
_aLondon
_bKogan Page
300 _axiv, : 125 : p. : cm. ; 22
365 _cRS
_b27
999 _c16927
_d16927